=LDR 00000nam 2200000 4500 =001 INLIS000000000038679 =005 20130612144336 =008 ***********************************Ind** =035 ##$$a0010-061300000038679 =041 ##$$a Ind =082 ##$$a 641.559 82 2 =090 ##$$a 641.559 82 2, Unt t =100 ##$$a Untari, Dewi =245 ##$$a 30 menu 2 hidangan masakan jawa tengah, Dewi Untari; Editor, Intarina Hardiman =260 ##$$a 2010 $b Jakarta =300 ##$$a 67 hlm, Ilus, 25 cm =650 ##$$a Masakan Jawa Tengah - Resep =700 ##$$a Hardiman, Intarina =850 ##$$a NBPNMAT =990 ##$$a 21400613/BPAP-NTB/20142014 =990 ##$$a 21400613/BPAP-NTB/20142014 =990 ##$$a 0001/BPAP-NTB/20142014